[Event "ISR-ch"]
[Site "Tel Aviv"]
[Date "2002.11.28"]
[Round "4"]
[White "Postny, Evgeny"]
[Black "Bar, Roman"]
[Result "1/2-1/2"]
[WhiteElo "2497"]
[BlackElo "2413"]
[Annotator "Postny,E"]
[PlyCount "75"]
[EventDate "2002.11.24"]
[EventType "swiss"]
[EventRounds "9"]
[EventCountry "ISR"]
[SourceTitle "CBM 093"]
[Source "ChessBase"]
[SourceDate "2003.04.01"]
[SourceVersion "1"]
[SourceVersionDate "2003.04.01"]
[SourceQuality "1"]

1. d4 Nf6 2. c4 e6 3. Nc3 Bb4 4. e3 b6 5. Nge2 Ne4 6. Qc2 Bb7 7. a3 Bxc3+ 8.
Nxc3 Nxc3 {Another theoretical line goes with 8...f5.} 9. Qxc3 O-O 10. b4 ({
The same idea of placing the bishop to the long diagonal can be realized by} 
10. b3 {[%cal Yc1b2]}) 10... d6 11. Bb2 Qf6 {A rare but interesting idea.
Black is preventing for a while the d4-d5 advance.} (11... f5 $6 12. d5 e5 13.
c5 bxc5 14. bxc5 f4 15. c6 Ba6 16. exf4 Rxf4 17. Bc1 Rg4 18. Be3 Bxf1 19. Kxf1
$16 {1-0 Horvath,J-Horvath,T/Balatonbereny 1988/TD (38)}) (11... Nd7 12. d5 Nf6
13. Rd1 Qe7 14. Be2 c6 15. dxc6 Bxc6 16. O-O Rac8 17. Qb3 d5 18. Rc1 Ba8 19. f3
dxc4 20. Bxc4 Bd5 {1/2-1/2 Ivkov,B-Kortschnoj,V/Amsterdam 1976/MCL (20)}) 12.
Qc2 $146 (12. c5 dxc5 13. bxc5 Nc6 14. Bd3 Ne7 15. O-O Qg5 16. e4 f5 $13 {
1/2-1/2 Meessen,R-Martyn,R/Belgium 2001/CBM 81 ext (45)}) (12. h4 $5) 12... Nd7
13. f3 (13. Bd3 {is strongly met by} Qh4 $1 14. O-O (14. e4 $6 Nf6 $36 {
[%csl Re4]}) 14... Bxg2 15. Kxg2 Qg4+ {with a perpetual check.}) 13... Qh6 14.
Qd2 f5 15. O-O-O $6 {A committing decision, which changes the character of the
position.} ({Objectively better is} 15. Bd3 {keeping a slight edge.}) 15...
Rae8 $6 {This is a passive plan.} ({More in the spirit of the position was} 
15... a5 16. b5 d5 {with a double-edged struggle.}) 16. Be2 e5 $6 ({Comes into
consideration} 16... c6 {keeping all the options available.}) 17. d5 {Now the
position is clearly in white's favour. It's hard to point out a constructive
plan for black, while white can prepare the standart c4-c5 advance or f3-f4 in
some case.} Nf6 18. Kb1 Kh8 19. Ka1 Rd8 $6 (19... b5 20. Rc1 {only helps white.
}) 20. Bd3 e4 $2 {I was provoking this. The position is opening up in white's
favour.} ({Much safer would have been} 20... Bc8) 21. Bc2 b5 {Black is
consequent, however this strike does not really improve his position. The main
concession was made on the previous move.} 22. cxb5 Bxd5 (22... exf3 23. gxf3
Nxd5 24. Rhg1 {with a strong attack for nothing.}) 23. f4 Bc4 24. a4 $6 ({
Much more tempting was} 24. h3 Bxb5 25. g4 {[%csl Rg7][%cal Gd1g1,Gg1g7,Gb2g7]
and it's hard to believe, that black can survive the attack.}) 24... Qg6 25. h3
Qg3 $1 {This way black avoides the immediate danger on the kingside, but his
position remains bad anyway.} 26. Qd4 d5 27. Rd2 Ra8 28. Qc5 {White is
intending to regroup his pieces in order to eliminate black's Bc4. After then
the invasion along the "c" file will be decisive.} Rfc8 29. Bd4 a6 {Black must
seek for a counterplay, to distract white from his plans.} 30. bxa6 Rxa6 31.
Kb2 (31. b5 Raa8 32. Kb2 Nd7 {transfering the knight to b6, which might be
unpleasant for white.}) 31... Raa8 32. a5 (32. Bb3 $2 Nd7 33. Qc6 Bxb3 34. Kxb3
Nb6 {[%csl Rb3][%cal Gb6a4,Gb6c4]}) 32... c6 33. Bxf6 $6 {It was not necessary,
of course, to exchange such a strong bishop. On the other hand it robbes black
from any possible counterplay connected with Nf6-d7 following by c6-c5.
Nevertheless there should be stronger options for white.} ({For instanse:} 33.
Ra1) 33... gxf6 34. Ba4 Qg7 35. Kc3 $2 {A mistake, which throws away all of
white's advantage. The white king becomes an obstacle on the "c" file for
white's heavy pieces.} ({Logical and strong was} 35. Rc1 $1 {In some case
white can consider the exchange sacrifice on c4.}) 35... Rab8 36. Rc1 Bb5 37.
Kb3 (37. Bb3 Bd3 {[%cal Gb8b5]}) 37... Qd7 $1 {A strong move, which forces
white to admit the equality.} 38. Rdc2 {Here I offered a draw, which was
accepted.} ({The continuation of the game could be the following:} 38. Rdc2
Bxa4+ 39. Kxa4 Rb5 40. Qd4 c5 (40... Rxa5+ $2 41. bxa5 c5+ 42. Ka3 $18) 41.
Qxf6+ Kg8 42. Qg5+ Kf7 43. Qh5+ {and white gives the perpetual check.}) 1/2-1/2

[Event "WchT 4th"]
[Site "Luzern"]
[Date "1997.10.29"]
[Round "5.1"]
[White "Chiburdanidze, Maia"]
[Black "Adams, Michael"]
[Result "0-1"]
[WhiteElo "2525"]
[BlackElo "2680"]
[Annotator "Psakhis,L"]
[PlyCount "84"]
[EventDate "1997.10.25"]
[EventType "team-tourn"]
[EventRounds "9"]
[EventCountry "SUI"]
[SourceTitle "CBM 062"]
[Source "ChessBase"]
[SourceDate "1998.01.31"]
[SourceVersion "1"]
[SourceVersionDate "1998.01.31"]
[SourceQuality "1"]
[WhiteTeam "Georgia (w)"]
[BlackTeam "England"]
[WhiteTeamCountry "GEO"]
[BlackTeamCountry "ENG"]

1. d4 Nf6 2. c4 e6 3. Nc3 Bb4 4. e3 b6 5. Nge2 Ne4 6. Bd2 Nxd2 7. Qxd2 O-O 8.
a3 Be7 9. Nf4 (9. g3 $5 d5 (9... Ba6 10. Nc1 c6 11. Be2 Bb7 12. O-O d5 13. cxd5
exd5 14. b4 Nd7 15. Nd3 Nf6 16. Bf3 Re8 17. Rfe1 Bf8 18. Bg2 g6 19. Qc2 Rc8 20.
Qb3 $14 {1/2-1/2 Vaisser,A-Kortschnoj,V/EU-chTM 1997/EXP 57 (31)}) 10. cxd5
exd5 11. Nf4 c6 12. b4 a6 13. Bg2 Bd6 14. O-O Bxf4 15. exf4 Nd7 16. a4 Nf6 17.
b5 axb5 18. axb5 Bb7 19. bxc6 Bxc6 20. Rab1 Re8 21. Rb4 Re7 22. Rfb1 {1/2-1/2
Speelman,J-Kortschnoj,V/Biel izt 1993/CBM 37}) (9. d5 e5 10. g3 d6 11. Bg2 Nd7
12. O-O h5 13. f4 h4 14. Rae1 a5 15. b3 Ba6 16. Qc2 Re8 17. Bh3 Bc8 18. Kg2 Nf6
19. Bxc8 Qxc8 20. f5 c6 21. Rc1 b5 22. Ne4 b4 23. a4 cxd5 {Shaked,T-Adams,M/
Fontys 1997/CBM 61/0-1 (56)}) 9... d6 10. Bd3 {N/} (10. Be2 Bb7 (10... a6 11.
O-O Nd7 12. b4 Bb7 13. Rab1 Re8 14. Nd3 Bf8 15. Rfd1 g6 16. Ne1 Nf6 17. Nf3 d5
18. Qc2 Qc8 19. Qb3 Rd8 20. Rbc1 {1/2-1/2 Nikolic,G-Bischoff,K/Biel op 1990/
EXP 19}) 11. O-O Nd7 12. d5 (12. Rfd1 Bg5 13. b4 Qe7 14. Rac1 Bh6 15. Bf1 g6
16. Qc2 c6 {1/2-1/2 Aleksandrov,A-Ehlvest,J/Polanica Zdroj 1997}) 12... e5 13.
Nd3 Kh8 14. b4 f5 15. f4 Ba6 16. Nb5 Bf6 17. Rac1 Bc8 18. fxe5 Bxe5 19. Nxe5
Nxe5 20. Nd4 a5 21. Rf4 axb4 22. axb4 Bd7 23. Rcf1 Qg5 24. Kh1 Ng6 {Sadler,
M-Larsen,B/London WFW 1989/CBM 13/0-1 (49)}) 10... Nd7 (10... Bb7 $5 11. Qc2 $1
h6 $5 (11... g6 12. Be4 c6 $5 13. h4 $1 e5 14. dxe5 dxe5 15. Nxg6 $5 (15. h5 $1
exf4 16. hxg6 hxg6 17. Bxg6 $40) 15... hxg6 16. Bxg6 Bf6 (16... fxg6 17. Qxg6+
Kh8 18. Rh3 $18) 17. Rd1 $40 {Moskalenko-Agnos, Rethynon 1995})) 11. Qc2 h6 $6
(11... Nf6 $5 12. Ne4 (12. e4 $6 e5) 12... h6 13. Nxf6+ Bxf6 14. Be4 Rb8 $11)
12. Be4 Rb8 13. Nb5 $1 {[%csl Rc6][%cal Rb5a7]} Nf6 (13... a6 14. Na7 Bb7 15.
Bxb7 Rxb7 16. Nc6 Qe8 17. Qe4 $1 {[%cal Rc6e7,Re4b7]}) (13... e5 14. dxe5 dxe5
(14... Nxe5 15. Nxa7 Bb7 16. Nb5 $16) 15. Nd5 a6 16. Nxe7+ Qxe7 17. Nxc7 f5 18.
Nd5) 14. Nxa7 $1 (14. Bf3 a6 (14... e5 15. Nxa7 Bd7 16. dxe5 dxe5 17. Nd5) 15.
Na7 Bd7 16. Nc6 Bxc6 17. Bxc6 b5 $13) 14... Nxe4 (14... Bb7 15. Bxb7 Rxb7 16.
Nc6 $18) 15. Nc6 Qe8 16. Nxb8 Bb7 17. d5 (17. Na6 $5 Bxa6 18. Qxe4 Bxc4 19. d5
$1 b5 20. dxe6 fxe6 21. Ng6 $16) 17... exd5 18. cxd5 Bg5 $1 19. O-O (19. Nh3 $6
Nxf2 20. Qxf2 (20. Nxf2 Qxe3+ 21. Qe2 Qxe2+ 22. Kxe2 Rxb8 23. Rad1 Re8+ $17)
20... Bxe3 21. Qe2 Qxb8 $17) (19. O-O-O Nf6 20. Nc6 Bxf4 21. exf4 Nxd5) 19...
Nf6 20. Nc6 Bxf4 21. exf4 Nxd5 22. Rac1 Nxf4 23. Rfe1 Qa8 24. Re4 (24. a4 $2
Bxc6 25. Qxc6 Nd3 $11) (24. Re3 $5 {[%cal Yb4b5,Yb2b5]}) 24... Ng6 25. Ra4 (25.
Re3 $5) 25... Qc8 26. f4 $2 {[%cal Yb7g2]} (26. Re4 $5) 26... Re8 $44 27. Re4
Qd7 28. Qe2 $2 (28. f5 Rxe4 (28... Ne5 $5 29. Nxe5 dxe5 30. Re3 Qd4) 29. Qxe4
d5 $132) 28... Bxc6 29. Rxc6 Rxe4 30. Qxe4 Nxf4 $1 $15 31. b4 $6 (31. Rc2 $5
Qg4 32. Qf3) 31... d5 $17 {[%cal Gd5d1]} 32. Qc2 d4 33. Rxc7 d3 $1 34. Qc4 (34.
Rxd7 dxc2 35. Rc7 c1=Q+ 36. Rxc1 Ne2+ $19) 34... Qg4 {[%cal Rg4d1,Rg4g2]} 35.
Rc8+ Kh7 36. Qe4+ g6 37. Qf3 Qxc8 38. Qxf4 Qd7 $19 39. Qd2 Qd4+ 40. Qf2 Qd5 41.
Qd2 Qb3 42. Qf2 Kg8 0-1

[Event "Olympiad-30"]
[Site "Manila"]
[Date "1992.08.09"]
[Round "2.2"]
[White "Sokolov, Ivan"]
[Black "Johansen, Darryl Keith"]
[Result "0-1"]
[WhiteElo "2630"]
[BlackElo "2485"]
[Annotator "Rogers,I"]
[PlyCount "90"]
[EventDate "1992.06.08"]
[EventType "team-swiss"]
[EventRounds "14"]
[EventCountry "PHI"]
[SourceTitle "TD"]
[Source "ChessBase"]
[SourceDate "1994.03.01"]
[SourceVersion "1"]
[SourceVersionDate "1994.03.01"]
[SourceQuality "1"]
[WhiteTeam "Bosnia&Herzegovina"]
[BlackTeam "Australia"]
[WhiteTeamCountry "BIH"]
[BlackTeamCountry "AUS"]

1. d4 Nf6 2. c4 e6 3. Nc3 Bb4 4. e3 b6 5. Nge2 Ne4 $5 6. f3 $5 Nxc3 7. bxc3 Be7
8. e4 Nc6 9. Ng3 Ba6 {By a strange move order the players have reached a
highly thematic Nimzo- Indian position. Black's plan is to attack the doubled
c pawns while White must attack in the centre.} 10. Bd3 Na5 11. Qe2 d6 12. O-O
Qd7 13. Rb1 h5 $1 14. Re1 h4 15. Nf1 c5 16. Be3 Rc8 17. Nd2 e5 18. f4 $1 Bf6 $1
19. dxe5 dxe5 20. Nf3 Qe6 21. fxe5 Be7 $1 {Sokolov had forgotten about this
simple retreat. Now White's pawns are a mess and he must fight for a draw.} 22.
Rf1 Bxc4 23. Bg5 $1 Bxd3 24. Qxd3 Nc6 25. Bxe7 Qxe7 26. Rbd1 O-O 27. Qd7 Qxd7
28. Rxd7 h3 $1 29. gxh3 Rce8 30. Kg2 Nxe5 31. Rxa7 $2 {After exchanging
knights White should be able to hold the game, albeit with difficulty. Now
Black takes control.} Nc4 $1 32. Rf2 Rxe4 33. Ng5 Re5 $1 34. Nxf7 Ne3+ 35. Kg3
$2 (35. Kg1 Rd5 {leaves White's knight without a retreat square and in trouble
but after the text move White is lost.}) 35... Rf5 $3 36. Re2 ({Unfortunately} 
36. Rxf5 Nxf5+ 37. Kg4 (37. Kf4 Nh6) {allows} 37... Rxf7 $1 38. Rxf7 Nh6+ $1 {
and Black wins easily. Sokolov now tries to corral the Black knight, to no
avail.}) 36... Nf1+ 37. Kg2 R8xf7 38. Rxf7 Kxf7 39. Kg1 Kf6 40. Kg2 b5 41. Kg1
c4 42. Kg2 Kg5 43. Kg1 Kh4 44. Kg2 Rf4 45. a3 g6 ({White has run out of moves
and must allow the knight to escape, e.g.} 45... g6 46. Re6 Nd2 47. Rxg6 Nb1 {
etc.}) 0-1

[Event "Leon"]
[Site "Leon"]
[Date "1995.??.??"]
[Round "8"]
[White "Shirov, Alexei"]
[Black "Adams, Michael"]
[Result "1-0"]
[WhiteElo "2710"]
[BlackElo "2655"]
[Annotator "Shirov,A"]
[PlyCount "51"]
[EventDate "1995.05.??"]
[EventType "tourn"]
[EventRounds "9"]
[EventCountry "ESP"]
[EventCategory "14"]
[SourceTitle "CBM 048"]
[Source "ChessBase"]
[SourceDate "1995.10.01"]
[SourceVersion "1"]
[SourceVersionDate "1995.10.01"]
[SourceQuality "1"]

1. d4 {Dautov Romero Holmes Hansen,Cu Ftacnik} Nf6 2. c4 e6 3. Nc3 Bb4 4. e3 b6
5. Nge2 Ne4 6. Bd2 Nxd2 7. Qxd2 Bb7 (7... Ba6 {Hansen,Cu} 8. a3 Be7 (8... Bxc3
9. Qxc3 (9. Nxc3 d5 10. cxd5 (10. b4 dxc4 11. b5 Bb7 12. e4 a6 13. Bxc4 O-O 14.
O-O axb5 15. Bxb5 Qe7 $10 {1-0 Huebner,R-DeFirmian,N/Manila izt (10) 1990 (40)}
) 10... Bxf1 11. Kxf1 exd5 {1/2-1/2 Groszpeter,A-DeFirmian,N/New York op 1988})
9... O-O 10. d5 (10. b4 Bb7 11. Nf4 d6 12. Be2 Nd7 13. d5 e5 14. Nd3 Qh4 $10 {
0-1 Lutz,C-Zsinka,L/Budapest Elekes 1989 (38)}) 10... exd5 11. cxd5 c5 12. dxc6
Nxc6 13. Nf4 Bxf1 14. Kxf1 Rc8 15. Rd1 Re8 16. h4 Re5 17. Qd2 {1/2-1/2
Petrosian,T-Bisguier,A/Lone Pine (03) 1978}) 9. Nf4 Bg5 10. Nh5 g6 11. Ng3 d5
12. cxd5 Bxf1 13. Nxf1 exd5 14. h3 O-O 15. Nh2 c6 16. O-O Nd7 17. Rac1 $14 {
Gurevich,D-Christiansen/Estes Park 1985/1/2-1/2 (51)}) (7... d5 {Hansen,Cu} 8.
a3 Be7 9. cxd5 exd5 10. g3 (10. Nf4 c6 11. Bd3 O-O 12. Nce2 (12. O-O Bb7 13.
Rfd1 Nd7 14. b4 a6 15. e4 Bg5 16. exd5 cxd5 17. Nce2 Re8 $10 {Kadimova
Ilaha-Froehlich Peter/It Altensteig (GER) 1994/1/2-1/2 (81)}) 12... Bd6 13. h4
Re8 14. Qc2 h6 15. h5 Bxf4 16. Nxf4 Qd6 17. O-O Nd7 18. Rfc1 Bb7 19. b4 $14 {
Speelman,J-Kortschnoj,V/Monaco 1992/0-1 (53)}) 10... O-O 11. Bg2 c6 12. O-O Bb7
(12... Nd7 13. Qc2 Nf6 14. Nf4 g6 15. Qa4 Qd6 16. Rac1 $14 {Gurevich,M-Enders,
P/Eger op 1987/1-0 (83)}) 13. Rfd1 Nd7 14. Nf4 Re8 $10 {1/2-1/2 Brinck
Claussen,Bjorn-Sloth,Jorn/Hjorring ch-DEN (11) 1971 (28)}) 8. d5 $5 (8. a3 {
Ftacnik} Bxc3 (8... Be7 9. d5 (9. Nf4 {Dautov}) (9. e4) 9... a5 (9... O-O 10.
g3 d6 11. Bg2 e5 12. e4 Nd7 13. Qc2 Bf6 14. O-O g6 15. b4 Bg7 16. Bh3 Qe7 17.
Nc1 Bc8 18. Nb3 Nf6 19. Bxc8 Raxc8 $10 {Tataev,M-Pripis,F/Moscow Tal/1992/0-1 
(60)}) 10. b3 Na6 11. g3 O-O 12. Bg2 e5 13. O-O Bd6 14. f4 f5 15. fxe5 Bxe5 16.
Nd4 g6 17. Rae1 Qf6 18. Kh1 {0.5/Hoi,C-Nielsen,U/Gausdal Int (9)/1990/}) 9.
Nxc3 O-O (9... f5 10. d5 O-O 11. Be2 a5 12. O-O Na6 13. Qc2 Qh4 14. g3 Qh3 15.
Rfd1 e5 16. Bf1 Qh5 17. Rab1 Rae8 18. b4 axb4 19. axb4 d6 20. Na4 Bc8 21. c5
$36 {Saidy,A-Hough,R/Las Vegas op (01)/1993/1-0 (32)}) 10. d5 d6 11. Be2 Nd7
12. O-O Qe7 13. f4 Rae8 14. Rae1 e5 15. f5 f6 16. Nb5 Nc5 17. Nxa7 g5 18. b4
Ra8 19. Nc6 Bxc6 20. dxc6 Na4 $13 {Pein,M-Ward,C/London Haringey/1988/0.5 (46)}
) 8... Na6 (8... b5 $6 {Ftacnik} 9. a3 $1 Bxc3 10. Nxc3 $16) 9. a3 $5 (9. g3 {
Bareev,E-Sokolov,I/Madrid/1994/} Nc5 10. Bg2 a5 $5 $13 (10... Ba6 $5 {Ftacnik}
11. Rd1 $1 (11. dxe6 {Hansen,Cu} dxe6 $1 12. Bxa8 Nd3+ 13. Kf1 Qxa8 14. e4 Bxc4
$44 {->}) (11. b3 {Hansen,Cu} O-O $1 12. dxe6 dxe6 13. Bxa8 Qxa8 14. O-O Bb7 $1
{/\ Bh1~/=->}) (11. Qd4 $5 {Hansen,Cu}) 11... Bxc4 $1 (11... Qf6 {Hansen,Cu}
12. dxe6 O-O-O 13. e7 $1 Qxe7 14. O-O {/\ Nd5->}) 12. Qd4 Bxe2 13. Kxe2 (13.
Qxg7 $2 {Hansen,Cu} Bxd1 14. Qxh8+ Ke7 15. Qxd8+ Rxd8 16. Kxd1 Bxc3 17. bxc3
$15) 13... Bxc3 14. Qxc3 O-O (14... Qc8 $5 {Hansen,Cu} 15. dxe6 Qa6+ 16. Ke1
O-O-O) 15. b4 Na4 16. Qc2 b5 17. dxe6 fxe6 18. Bxa8 Qxa8 (18... Qf6 $2 {
Hansen,Cu} 19. Rxd7) 19. e4 d5 $1 20. Qxc7 a5 21. bxa5 $1 b4 22. Kf1 $1 $13 {
Bareev,E-Sokolov,I/Madrid/1994/0-1 (61)}) (10... O-O {Hansen,Cu}) (10... exd5 {
Hansen,Cu} 11. Bxd5 c6 12. Bg2 Ba6 $13)) 9... Bxc3 (9... Bd6 {Dautov} 10. Nd4 (
10. g3 Nc5 11. Rd1 a5) (10. Rd1 $14) 10... c6 11. Be2 Nc7 12. Bf3 cxd5 13. cxd5
$14) (9... Be7 {Dautov} 10. Rd1 $14) 10. Nxc3 {[%csl Ra6][%cal Yb2b4]} Nc5 {
[%cal Yc5b3]} 11. Rd1 (11. Rb1 $5 {Dautov}) 11... a5 {Romero Holmes In the
Informant I. Sokolov values the position as complicated, but somewhat better
for white.} (11... d6 {Dautov} 12. b4 Nd7 13. Be2 $14) 12. b4 axb4 13. axb4 Na6
$1 (13... Na4 14. Nb5 {Dautov} Ba6 (14... O-O 15. Be2 c6 16. Nd6 cxd5 17. Nxb7
Qc7 18. cxd5 Qxb7 19. Bf3 (19. O-O Qxd5 20. Qxd5 exd5 $14) 19... e5 20. O-O $14
) 15. Be2 Bxb5 16. cxb5 O-O 17. Bf3 $14 {פa4}) 14. Nb5 {[%csl Ra6]} O-O 15.
Be2 Qe7 (15... exd5 $5 16. cxd5 Qe7 (16... Qh4 {Dautov} 17. Qd4 Qxd4 18. Rxd4
$14) 17. d6 cxd6 $13 18. Nxd6 $140 (18. O-O {Romero Holmes}) 18... Bxg2 19. Rg1
Bh3 20. Qd4 g6 $13) 16. d6 $1 (16. Nxc7 $2 {Ftacnik} Nxc7 17. d6 Qh4 18. dxc7
Bxg2 19. Rg1 Qxh2 $17) 16... Qg5 (16... cxd6 17. Qxd6 (17. Nxd6 {Ftacnik} Bxg2
(17... Bd5 $1 {Dautov} 18. cxd5 Qxd6 19. dxe6 Qxd2+ 20. Rxd2 dxe6 $10) 18. Rg1
Bd5 $1 (18... Bh3 19. e4 $1 (19. Bf3 Rab8 20. Ra1 Nc7 21. Rg3 Bf5 22. Ra7 Ne8
23. Nxf5 exf5 24. Rxd7 $14) 19... Qh4 (19... f5 20. Rg3 Bg4 21. Bxg4 fxg4 22.
Rxg4 Nc7 $13) 20. Qc3 e5 (20... f6 21. Rg3 $18) 21. Qxe5 f6 22. Qe7 g6 23. c5
$40) 19. Qb2 (19. Qd4 f6 20. Qg4 f5 21. Qg5 Qxg5 22. Rxg5 Be4 (22... Bh1 23. f3
Nxb4 24. Kf2 $16) 23. Nxe4 fxe4 24. Rxd7 Rf7 25. Rxf7 Kxf7 26. Rb5 $14) 19...
g6 20. cxd5 (20. c5 Rfd8 $13 (20... bxc5 $2 21. Rxd5 exd5 22. Nf5 $18)) 20...
Qxd6 21. dxe6 Qxh2 22. exf7+ Rxf7 23. Rf1 $13) 17... Qxd6 (17... Qg5 18. Rg1
$14) 18. Nxd6 Bxg2 19. Rg1 Bh3 20. Rg3 Bf5 21. e4 Bg6 22. f4 f5 23. e5 Nxb4 24.
Rb3 $44) 17. dxc7 {Ftacnik The pawn on 7th rank is extremely valuable.} Qxg2
18. Rf1 Qxh2 $6 (18... Bc6 $2 19. c8=Q Rfxc8 20. Nd6 $16) (18... d5 $1 19. Rc1
$1 $13) (18... Rac8 $5 {Dautov}) 19. Qd6 $1 Qh6 $2 {[%csl Gc7,Ge1] If the K
should ever remain stuck in the center it can hardly be safer than the Shirov
s one. The real factor in the position is the c7 pawn.} (19... Qg2 20. Qxb6 (
20. Rd4 $6 Qc6) 20... Nxb4 21. Na7 $1 $14 (21. Nd6 $2 {Dautov} Nc2+ 22. Kd2 Ra6
23. Qc5 Rc6 24. Qe5 f6 25. Qf4 e5 $19)) (19... Qxd6 {Ftacnik} 20. Nxd6 (20.
Rxd6 Bc6 21. Nd4 Nxb4) 20... Bc8 (20... Bg2 {Hansen,Cu} 21. Rg1 $16) 21. Bf3
Ra7 22. Nb5 (22. Ra1 Rxc7 $1 23. Nxc8 Nxb4 24. Ne7+ Kh8 25. Kd2 Rxc4 $17) 22...
Rxc7 23. Nxc7 Nxc7 24. Rd6 $1 b5 25. cxb5 (25. c5 $14 {Dautov}) 25... Nxb5 26.
Rb6 Na3 27. Be2 $1 $14) (19... e5 {Dautov} 20. Qxb6 Bg2 21. Nd6 Bxf1 22. Bxf1
Nxc7 23. Qxc7 Ra2 24. Ne4 f5 25. Nd2 $16) 20. Rg1 $1 {[%csl Ra6,Rb6,Rb7]} (20.
Qxb6 {Hansen,Cu} Bg2 21. Rg1 Qh2 $17 {[%csl Rb4,Rg1]}) 20... Bc6 (20... Qf6 21.
Qxb6 Nxb4 22. Qxb7 Nc2+ 23. Kd2 $18) 21. Nd4 {[%cal Yb4b5]} Nxb4 $2 (21... Be4
22. Qxb6 (22. b5 {Dautov} Nc5 23. Qxb6 Qh2 24. Rxg7+ (24. Rf1 $4 Na4 $19) (24.
Rg3 $2 Qh1+ 25. Kd2 Ra2+ 26. Kc3 Na4+ $19) 24... Kxg7 25. Qxc5 $13) 22... Qh2 (
22... Rfc8 23. Qd6 Nxc7 24. Qxd7 $13) 23. Rg3 h5 24. Qd6 $18) 22. Qxb4 Qh2 23.
Rg3 Rfc8 (23... Ra2 $2 {Ftacnik} 24. Qxf8+ $1 Kxf8 25. c8=Q+ $18) 24. Nxc6 Qh1+
25. Bf1 dxc6 {Romero Holmes In case of 25...Qc6 26.Bg2 black is also helpless.}
(25... Qxc6 {Ftacnik} 26. Qb2 g6 27. Bg2 $18) 26. Qe7 1-0

[Event "London MSO Banwell Memorial"]
[Site "London"]
[Date "2000.08.27"]
[Round "8"]
[White "Simutowe, Amon"]
[Black "Crouch, Colin S"]
[Result "1-0"]
[WhiteElo "2322"]
[BlackElo "2448"]
[Annotator "Simutowe,A"]
[PlyCount "91"]
[EventDate "2000.08.20"]
[EventType "swiss"]
[EventRounds "9"]
[EventCountry "ENG"]
[SourceTitle "EXT 2001"]
[Source "ChessBase"]
[SourceDate "2000.11.22"]
[SourceVersion "1"]
[SourceVersionDate "2000.11.22"]
[SourceQuality "1"]

1. d4 Nf6 2. c4 e6 3. Nc3 Bb4 4. e3 b6 (4... c5 5. Nge2 d5 6. a3 Bxc3+ 7. Nxc3
cxd4 8. exd4 dxc4 9. Bxc4 Nc6 10. Be3 {or}) (4... O-O 5. Nge2 d5 {are some of
the creditable continuations.}) 5. Nge2 Ne4 (5... c5 {or}) (5... Ba6 {leads to
other variations}) 6. Qc2 f5 7. a3 Bxc3+ 8. Nxc3 Bb7 9. Nxe4 Bxe4 10. Qc3 {
There was only one game in the MegaDatabase in which Qc3 was played before
this game} O-O {Novelty} 11. f3 Bb7 12. Be2 Qh4+ 13. g3 Qh5 14. O-O d6 15. b4
Nc6 16. Rf2 Ne7 17. Bb2 Rf7 18. Raf1 Re8 19. a4 Qg6 20. Ra1 h5 21. Rg2 h4 22.
Kf2 (22. gxh4 Qh5 (22... Qh6 $13) 23. f4 Qxh4 24. Rg5 {Is also okay for White})
22... Qh5 23. a5 b5 24. a6 $1 Ba8 25. d5 $1 {This is a very important move in
this position. incase White played cb Black would have played Nd5 and my dark
squared bishop would have become less mobile} (25. cxb5 Nd5 {gives Black some
play and makes some of my pieces less mobile notably the Bishop on b2}) 25...
exd5 26. cxb5 h3 27. Rgg1 f4 28. exf4 Nf5 29. Qd2 d4 30. g4 $1 {A good move
which Black probably overlooked.} Qh4+ 31. Rg3 $1 (31. Kf1 {is bad because of}
Ne3+ $19) 31... Nxg3 32. hxg3 Qe7 33. Bxd4 Qe6 34. Rh1 Qd5 {The threat is Re2!}
35. Bd1 {Solves the simple trick} Qxb5 36. Rxh3 Qc4 37. f5 Bc6 38. f6 $1 Bb5 {
The threat is Qf1 mate} 39. Rh1 c5 40. Bc3 cxb4 $2 (40... gxf6 $1 {is better})
41. fxg7 $1 Rfe7 (41... Qxc3 42. Rh8+ Kxg7 43. Qh6#) (41... bxc3 42. Rh8+ Kxg7
43. Qh6#) (41... Rxg7 42. Bxg7 $18) 42. Rh8+ Kf7 43. Bb3 $3 {The end} Re2+ 44.
Qxe2 Rxe2+ 45. Kg1 Qxb3 (45... bxc3 {falls to} 46. g8=Q+ $18) 46. g8=Q+ 1-0

[Event "EU-Cup 16th"]
[Site "Neum"]
[Date "2000.09.25"]
[Round "2.4"]
[White "Sokolov, Ivan"]
[Black "Ionescu, Constantin"]
[Result "1-0"]
[WhiteElo "2611"]
[BlackElo "2492"]
[Annotator "Sokolov,I"]
[PlyCount "75"]
[EventDate "2000.09.24"]
[EventType "team-swiss"]
[EventRounds "7"]
[EventCountry "BIH"]
[SourceTitle "CBM 080"]
[Source "ChessBase"]
[SourceDate "2001.01.25"]
[SourceVersion "1"]
[SourceVersionDate "2001.01.25"]
[SourceQuality "1"]
[WhiteTeam "Sarajevo Bosna"]
[BlackTeam "Bucharest RAT"]
[WhiteTeamCountry "BIH"]
[BlackTeamCountry "ROU"]

1. d4 Nf6 2. c4 e6 3. Nc3 Bb4 4. e3 b6 5. Nge2 Bb7 6. a3 Be7 7. d5 O-O 8. Ng3
d6 9. Be2 c6 10. dxe6 $146 (10. Bf3) 10... fxe6 11. O-O Nbd7 12. b4 Re8 13. e4
$14 a6 14. Qb3 Bf8 15. Be3 b5 16. cxb5 axb5 17. Rfd1 (17. Nf5 $5 Kh8 18. Nd4)
17... Kh8 18. Rac1 g6 (18... Qe7 $142 $14) 19. h4 e5 (19... h6 20. h5 g5 $14
21. e5 $140 $5 Nxe5 22. Nce4 $44) 20. h5 Qe7 21. hxg6 hxg6 22. a4 bxa4 23. Nxa4
Reb8 $6 (23... Qe6 24. Qxe6 (24. Bc4 $5 d5 25. Be2 d4 $140 26. Bc4 Qe7 27. Bg5
Qxb4 28. Qf3) 24... Rxe6 25. b5 $36) 24. Bg5 $16 Kg7 25. Bg4 Qe8 26. Bh3 Ra7
27. Nb2 Ba8 28. Qe3 Rc7 29. Nd3 (29. Nc4 d5 30. exd5 Nxd5) 29... Rb5 30. Ne2 $1
Ng8 $138 31. Nc3 Rb8 32. Nd5 $18 Rcc8 33. Bxd7 Qxd7 34. Nb6 Qb7 35. Nxc8 Rxc8
36. Ra1 Rc7 37. Nxe5 $1 dxe5 38. Rd8 1-0